000
00449nam a2200181Ia 4500
008
100917s9999 xx 000 0 und d
082
_b
7174
100
_a
दास देवेश
245
_a
रक्तराग
260
_b
---
_c
1965
300
_a
270
365
_b
10
520
_a
कादंबरी
630
_a
रक्तराग
650
_a
कादंबरी
730
_a
रक्तराग
942
_c
BOOK
999
_c
612568
_d
612565